Statistics for Mauritania First Level Subdivisions

Click here to take the quiz!

General Stats

  • This quiz has been taken 54 times
    (27 since last reset)
  • The average score is 8 of 15

Answer Stats

Régions% Correct
Nouakchott North
86%
Nouakchott South
86%
Nouakchott West
86%
Adrar
57%
Tiris
57%
Brakna
43%
Dakhlet Nouadhibou
43%
Gorgol
43%
Guidimaka
43%
Hodh Ech Chargui
43%
Inchiri
43%
Tagant
43%
Trarza
43%
Assaba
29%
Hodh El Gharbi
29%

Score Distribution

Percentile by Number Answered

Percent of People with Each Score

Your Score History

You have not taken this quiz since the last reset